[Event "N4 Chaumont / Blagny"]
[Site "?"]
[Date "2011.05.15"]
[Round "7.5"]
[White "Kerlau, Gildas"]
[Black "Fourcart, Marc"]
[Result "1/2-1/2"]
[WhiteElo "1790"]
[BlackElo "1702"]
[PlyCount "54"]
[EventDate "2011.05.15"]
[SourceDate "2011.05.15"]

1. d4 Nf6 2. c4 g6 3. Nc3 d5 4. cxd5 Nxd5 5. e4 Nxc3 6. bxc3 Bg7 7. Bc4 O-O 8.
Be3 c5 9. Ne2 cxd4 10. cxd4 Nc6 11. O-O a6 12. Qd2 Qa5 13. Qxa5 Nxa5 14. Rac1 {
je pense que l'échange me favorisais} Nxc4 15. Rxc4 b5 16. Rc7 Re8 17. Rfc1 b4
18. Nf4 e5 19. Nd5 exd4 20. Bg5 Be6 21. Nxb4 a5 (21... Bf8 {ce recyclage du
fou me semblait interressant pour essayer de passer avec le pion "a"} 22. Nd5
Bxd5 23. exd5 Re5) 22. Nd5 Reb8 (22... d3 {et rien n'est clair}) 23. Bf6 Bxd5
24. Bxg7 {Et proposition de nulle de Gildas, mais la suite aurait pu être :}
Kxg7 (24... Bxa2 25. Bxd4 a4 26. f3 a3 {
mais chaud à gagner avec les fous de couleurs opposés}) (24... Bxe4 25. Bxd4
Rb1 26. f3 Rxc1+ 27. Rxc1 Bf5 {et toujours nulle!}) 25. exd5 Rb5 26. d6 Rd8 {
cette variante me plaisait et je pense quelle m'était légérement favorable
mais par équipe ...} 27. d7 Rd5 1/2-1/2

[Event "N4 Chaumont / Blagny"]
[Site "?"]
[Date "2011.05.15"]
[Round "7.6"]
[White "Baret, Benoit"]
[Black "Parisot, Anthony"]
[Result "1/2-1/2"]
[WhiteElo "1490"]
[BlackElo "1665"]
[PlyCount "95"]
[EventDate "2011.05.15"]
[SourceDate "2011.05.15"]

1. d4 d5 2. c4 e6 3. Nc3 c6 4. Bf4 dxc4 5. e4 b5 6. Nf3 Bb4 7. a3 Bxc3+ 8. bxc3
Nf6 9. Qc2 Nbd7 10. Be3 Bb7 11. Nd2 Qc7 12. f3 Rd8 13. Rb1 a6 14. Be2 e5 15.
dxe5 Nxe5 16. Bd4 Nd3+ 17. Bxd3 cxd3 18. Qb3 O-O 19. O-O Rd7 20. Rfd1 c5 21.
Bxf6 c4 22. Qb4 gxf6 23. a4 Bc6 24. axb5 Bxb5 25. Qa3 Rc8 26. Rb4 Qc5+ 27. Kh1
f5 28. Qa2 fxe4 29. Nxe4 Qe3 30. Nf6+ Kg7 31. Nxd7 Bxd7 32. Qd2 (32. Qxa6 {
jouable} Rc6 33. Qa2 Be6 34. Rbb1 Bd5 35. Qd2 Qxd2 36. Rxd2 Ra6 37. Kg1 {
une finale trés technique à jouer favorable aux blancs et à travailler en club}
) 32... Qxd2 33. Rxd2 Re8 34. Rb1 Ba4 35. h3 Bc2 36. Ra1 Re2 37. Rxe2 dxe2 38.
Kg1 a5 39. Kf2 a4 40. Kxe2 Kf6 {Et nulle mais les blancs gagnent par :} 41. Ke3
Ke5 42. g4 Bb3 43. Ra3 Bc2 44. Ra2 Bb3 45. Ra1 Bc2 46. Re1 Bb3 47. f4+ Kd5 48.
Kd2 {La tour va ctiver alors que le fou reste aà la défense des pions le roi
arretant le pion a} 1/2-1/2

[Event "N4 Chaumont / Blagny"]
[Site "?"]
[Date "2011.05.15"]
[Round "7.7"]
[White "Louot, Catherine"]
[Black "Habran, Gael"]
[Result "1/2-1/2"]
[WhiteElo "1555"]
[BlackElo "1540"]
[PlyCount "93"]
[EventDate "2011.05.15"]
[SourceDate "2011.05.15"]

1. e4 c6 2. d4 d5 3. exd5 cxd5 4. c4 Nf6 5. Nc3 Bf5 6. cxd5 Nxd5 7. Bb5+ Bd7 8.
Bc4 Nf6 9. Qb3 e6 10. Bg5 Be7 11. Nf3 Nc6 12. O-O Na5 13. Qc2 Nxc4 14. b3 Nb6
15. Qe2 O-O 16. Rfe1 Nfd5 17. Ne4 Bxg5 18. Nexg5 Nc3 19. Qd3 f5 20. Qxc3 h6 21.
Nxe6 Bxe6 22. Rxe6 Nd5 23. Qd2 Qd7 24. Rg6 Kh7 25. Ne5 Qe7 26. Re1 Rae8 27. Rg3
Qb4 28. Qxb4 Nxb4 29. a4 Nc2 30. Rd1 Nxd4 31. f4 Ne2+ 32. Kf2 Nxg3 33. Kxg3 Re7
34. Rd6 Rfe8 35. Nc4 Re6 36. Rd5 g6 37. Rd3 Kg7 38. Ne5 R8e7 39. Rd5 g5 40. Nc4
Kf6 41. Nd6 Rd7 42. Ne4+ Ke7 43. Rxd7+ Kxd7 44. Nc5+ Kd6 45. Nxe6 Kxe6 46. Kf3
Kd5 47. Ke3 1/2-1/2

[Event "N4 Chaumont / Blagny"]
[Site "?"]
[Date "2011.05.15"]
[Round "7.8"]
[White "Romain, Adeline"]
[Black "Mouriot, Didier"]
[Result "1/2-1/2"]
[WhiteElo "1580"]
[BlackElo "1360"]
[PlyCount "61"]
[EventDate "2011.05.15"]
[SourceDate "2011.05.15"]

1. d4 d5 2. Nf3 Bf5 3. e3 Nf6 4. g3 e6 5. Bg2 c6 6. Nbd2 Nbd7 7. b3 Bb4 8. Bb2
O-O 9. a3 Ba5 10. O-O b5 11. b4 Bc7 12. Rc1 Nb6 13. Ne5 Qd6 14. Nb3 Nc4 15.
Nxc4 bxc4 16. Nc5 Rab8 17. Bc3 Rfe8 18. Re1 Qd8 19. e4 Bg6 20. h4 h6 21. e5 Nd7
22. Nxd7 Qxd7 23. Bd2 Qd8 24. h5 Bh7 25. Re3 (25. Qg4) 25... Rf8 26. g4 f5 27.
gxf5 Bxf5 28. Rg3 Kh7 29. Bf3 Rf7 30. Qf1 Qh4 31. Qg2 (31. c3 {
pour tenir la position}) 1/2-1/2

[Event "N4 Chalons / Bogny"]
[Site "?"]
[Date "2011.05.16"]
[Round "7.5"]
[White "Pogu, Thomas"]
[Black "Alcidi, Valentin"]
[Result "0-1"]
[WhiteElo "1510"]
[BlackElo "1808"]
[PlyCount "38"]
[EventDate "2011.05.15"]
[SourceDate "2011.05.16"]

1. e4 e5 2. Nf3 Nc6 3. Nc3 Nf6 4. Bb5 Nd4 5. Nxd4 exd4 6. Ne2 Nxe4 7. Nxd4 Bc5
8. Qe2 O-O 9. O-O Re8 10. Qc4 c6 11. d3 d5 12. Qb3 Nxf2 13. Nxc6 Qf6 14. Bg5
Qxg5 15. d4 Nh3+ 16. Kh1 bxc6 17. Bxc6 Re2 18. Bxd5 Be6 19. dxc5 Bxd5 0-1

[Event "N4 Chalons / Bogny"]
[Site "?"]
[Date "2011.05.16"]
[Round "7.1"]
[White "Harnik, Cécilien"]
[Black "Flamant, Jacky"]
[Result "1-0"]
[WhiteElo "1920"]
[BlackElo "1832"]
[PlyCount "73"]
[EventDate "2011.05.15"]
[SourceDate "2011.05.16"]

1. e4 e6 2. d4 d5 3. Nd2 dxe4 4. Nxe4 c5 5. dxc5 Qxd1+ 6. Kxd1 f5 7. Nd6+ Bxd6
8. cxd6 Nf6 9. Bf4 O-O 10. Nf3 Nc6 11. Bc4 h6 12. h4 Bd7 13. Ne5 Nxe5 14. Bxe5
Rac8 15. Bb3 Ng4 16. Bd4 a5 17. Re1 Rfe8 18. f3 Nf6 19. a4 Rc6 20. Be5 Kf7 21.
c3 g5 22. Kc2 g4 23. Re2 gxf3 24. gxf3 Nd5 25. Bxd5 exd5 26. Rae1 Re6 27. b3
Rc8 28. Rg2 Rg8 29. Rxg8 Kxg8 30. Rg1+ Kf7 31. Rg7+ Ke8 32. f4 Bc6 33. Kd3 b6
34. Kd4 Kd8 35. Rc7 Ba8 36. h5 Re8 37. Bf6+ 1-0

[Event "N4 Chalons / Bogny"]
[Site "?"]
[Date "2011.05.16"]
[Round "7.2"]
[White "Guyon, Cyndie"]
[Black "Jus, Pierrick"]
[Result "1-0"]
[WhiteElo "1921"]
[BlackElo "1770"]
[PlyCount "83"]
[EventDate "2011.05.15"]
[SourceDate "2011.05.16"]

1. d4 Nf6 2. Bg5 g6 3. Bxf6 exf6 4. c4 Bg7 5. g3 O-O 6. Bg2 c6 7. Nc3 d6 8. e3
f5 9. Nge2 Nd7 10. O-O Nf6 11. Qd3 Re8 12. a3 Bd7 13. Rab1 Rb8 14. b4 Qc8 15.
Rfc1 Qd8 16. a4 Bh6 17. h3 Re7 18. b5 Qe8 19. Nf4 Ne4 20. bxc6 Bxc6 21. Nfd5
Bg7 22. Nxe7+ Qxe7 23. Nxe4 fxe4 24. Qa3 f5 25. Bf1 Bf8 26. Qb3 Kg7 27. Rc3 Qd8
28. Ra1 Be7 29. Be2 Bf6 30. Bd1 Qc8 31. Kh2 Bd7 32. c5 Be6 33. Qb4 d5 34. h4
Qd8 35. h5 g5 36. Rb1 f4 37. c6 fxg3+ 38. fxg3 Be7 39. c7 Qf8 40. Qxe7+ Qxe7
41. cxb8=Q Qf6 42. Qe5 1-0

[Event "N4 Chalons / Bogny"]
[Site "?"]
[Date "2011.05.16"]
[Round "7.3"]
[White "Coutier, Camille"]
[Black "Leghbali, Sophiane"]
[Result "0-1"]
[WhiteElo "1542"]
[BlackElo "1914"]
[PlyCount "151"]
[EventDate "2011.05.15"]
[SourceDate "2011.05.16"]

1. d4 Nf6 2. c4 e6 3. Nc3 d5 4. Bg5 Be7 5. e3 O-O 6. Nf3 Nbd7 7. Rc1 c6 8. a3
a6 9. Bd3 dxc4 10. Bxc4 Nd5 11. Bxe7 Qxe7 12. Nxd5 exd5 13. Bd3 f5 14. O-O Nf6
15. Ne5 Ng4 16. Nxg4 fxg4 17. Qe2 Qh4 18. e4 Be6 19. b4 Rf6 20. Qe3 Raf8 21.
Qg3 Qg5 22. Rcd1 dxe4 23. Bxe4 Bd5 24. Bxd5+ Qxd5 25. Qxg4 Rg6 26. Qh3 Rf5 27.
Rfe1 h6 (27... Rxg2+ 28. Qxg2 Rg5 29. Qg3 h5 30. Re8+ Kf7 31. Re5 Rxg3+ 32.
hxg3 Qa2 {et une belle finale à jouer !!}) 28. Rd3 Kh7 29. Rg3 Rgf6 30. Qg4 Qf7
31. Qe4 Kg8 32. Qe8+ Kh7 33. Qe4 g6 34. Qe7 Rxf2 35. Qxf7+ Rxf7 36. Rge3 Rd2
37. Re7 Kg7 38. R7e4 Rd3 39. R1e3 Rd1+ 40. Re1 Rxe1+ 41. Rxe1 Rd7 42. Re4 Kf6
43. Kf2 Rd5 44. Ke3 a5 45. Kd3 axb4 46. axb4 Rb5 47. Kc4 Kf5 48. Re5+ Rxe5 49.
dxe5 Kxe5 50. Kc5 g5 51. Kb6 g4 52. Kxb7 Kd6 53. Kb6 h5 54. g3 Kd5 55. Kc7 c5
56. bxc5 (56. b5 c4 57. b6 c3 58. b7 c2 59. b8=Q c1=Q+ {
et la promotion sur échecs anulait pour les noirs}) 56... Kxc5 57. Kd7 Kd5 58.
Ke7 Ke5 59. Kf7 Kf5 60. Kg7 Kg5 61. Kf7 h4 62. Ke6 hxg3 63. hxg3 Kg6 64. Ke5
Kg5 65. Ke4 Kg6 66. Kf4 Kf6 67. Kxg4 Kg6 68. Kf4 Kf6 69. g4 Kg6 70. g5 Kg7 71.
Kf5 Kf7 72. g6+ Kg7 73. Kg5 Kg8 74. Kf6 Kf8 75. g7+ Kg8 76. Kg6 {
belle partie de Camille} 0-1

[Event "N4 Chalons / Bogny"]
[Site "?"]
[Date "2011.05.16"]
[Round "7.4"]
[White "Waczecka, Jérome"]
[Black "Rey, Jean"]
[Result "1-0"]
[WhiteElo "1743"]
[BlackElo "1580"]
[PlyCount "39"]
[EventDate "2011.05.15"]
[SourceDate "2011.05.16"]

1. d4 d5 2. Nf3 Nf6 3. Bg5 c6 4. c3 Nbd7 5. Nbd2 h6 6. Bh4 e6 7. e4 dxe4 8.
Nxe4 Be7 9. Nxf6+ Nxf6 10. Bd3 O-O 11. O-O b6 12. Ne5 Bb7 13. Qe2 Rc8 14. Rad1
Nd5 15. Bg3 Qe8 16. Kh1 c5 17. Bb5 Bc6 18. Nxc6 Rxc6 19. c4 Nf6 20. d5 1-0

[Event "N4 Chalons / Bogny"]
[Site "?"]
[Date "2011.05.16"]
[Round "7.8"]
[White "Husson, Christophe"]
[Black "Moreau, Arnaud"]
[Result "1-0"]
[WhiteElo "1680"]
[BlackElo "1200"]
[PlyCount "71"]
[EventDate "2011.05.15"]
[SourceDate "2011.05.16"]

1. c4 Nf6 2. Nc3 d5 3. cxd5 Nxd5 4. g3 e6 5. Bg2 f5 6. d3 Bd7 7. Nxd5 exd5 8.
Bxd5 Bc6 9. Bf3 Bxf3 10. Nxf3 Nc6 11. O-O h6 12. Qb3 Qc8 13. Be3 Bd6 14. Bd4
Rh7 15. Qg8+ Kd7 16. Qxh7 Qf8 17. Qxg7+ Qxg7 18. Bxg7 Re8 19. Rfe1 Nb4 20. Nd4
Be5 21. Bxe5 Rxe5 22. a3 Nd5 23. Nxf5 Re6 24. Rac1 Rb6 25. Rc2 h5 26. Rec1 c6
27. e4 Nc7 28. Ne3 Ne6 29. Nf5 Rb3 30. Rd2 Nc5 31. Kg2 Ne6 32. Rc3 Rb5 33. d4
a5 34. d5 cxd5 35. Rxd5+ Rxd5 36. exd5 1-0

[Event "N4 Chalons / Bogny"]
[Site "?"]
[Date "2011.05.16"]
[Round "7.6"]
[White "Renard, Luc"]
[Black "Krajewski, Eric"]
[Result "1/2-1/2"]
[WhiteElo "1744"]
[BlackElo "1430"]
[PlyCount "73"]
[EventDate "2011.05.15"]
[SourceDate "2011.05.16"]

1. d4 Nf6 2. Nf3 g6 3. Bg5 Bg7 4. Nbd2 O-O 5. e4 d6 6. h3 Nbd7 7. Bd3 c5 8. c3
a6 9. O-O cxd4 10. cxd4 b5 11. Qe2 Bb7 12. e5 dxe5 13. dxe5 Nd5 14. Rac1 h6 15.
Bh4 Nf4 16. Qe3 Nxd3 17. Qxd3 Nxe5 18. Qxd8 Nxf3+ 19. Nxf3 Rfxd8 20. Bxe7 Re8
21. Rc7 Bxf3 22. gxf3 Bxb2 23. a4 Rac8 24. Rxc8 Rxc8 25. axb5 axb5 26. Kg2 Rc1
27. Rxc1 Bxc1 28. Bb4 Bf4 29. Kf1 g5 30. Ke2 Kh7 31. Kd3 Kg6 32. Ke4 f5+ 33.
Kd5 Bc1 34. Kc6 Bb2 35. Kxb5 Kf6 36. Kc4 Ke5 37. Kd3 1/2-1/2

[Event "N4 Chalons / Bogny"]
[Site "?"]
[Date "2011.05.16"]
[Round "7.7"]
[White "Michon, Guillaume"]
[Black "Prioux, Michel"]
[Result "0-1"]
[WhiteElo "1490"]
[BlackElo "1823"]
[PlyCount "106"]
[EventDate "2011.05.15"]
[SourceDate "2011.05.16"]

1. e4 c5 2. Nf3 e6 3. c3 d5 4. e5 Nc6 5. d4 cxd4 6. cxd4 Nge7 7. Nc3 Nf5 8. Bb5
Bd7 9. Bxc6 bxc6 10. O-O c5 11. Ne2 cxd4 12. Nexd4 Nxd4 13. Nxd4 g6 14. f4 Bg7
15. Qe2 Rb8 16. Be3 O-O 17. Nb3 Bb5 18. Qf2 Bxf1 19. Qxf1 a5 20. Bc5 Re8 21.
Bd6 Rb7 22. Qe2 Qb6+ 23. Bc5 Qb5 24. Qxb5 Rxb5 25. Ba3 Bf8 26. Nd4 Bc5 27. Rd1
Bxd4+ 28. Rxd4 Rc8 29. g3 Rc4 30. Rd2 a4 31. Kf2 Kg7 32. Ke3 f6 33. Bd6 h5 34.
exf6+ Kxf6 35. Be5+ Kf5 36. Kf3 g5 37. h3 Rbc5 38. g4+ Kg6 39. gxh5+ Kxh5 40.
Rg2 gxf4 41. Bxf4 d4 42. h4 Rf5 43. Rg5+ Rxg5 44. Bxg5 Rc5 45. Ke4 Rd5 46. Kd3
Kg4 47. b4 axb3 48. axb3 Kf5 49. Bd2 e5 50. b4 e4+ 51. Ke2 e3 52. Bxe3 dxe3 53.
Kxe3 Rb5 0-1